Vzpomínky na vyhnání německy mluvících obyvatel z Novobystřicka a Jindřichohradecka 1945-1946 /

Other Authors: Horáková, Monika, 1983-
Language: Czech
Published: Geislingen/Steige [i.e. an der Steige] : Rada Domovského okresu Nová Bystřice, c2014
Physical Description: 95 s. : il. (některé barev.), 2 mapy, faksim. ; 30 cm
Book
Saved in:
LEADER 02259nam a2200541 a 4500
001 001418740
003 CZ BrMZK
005 20160425121544.0
007 ta
008 140909s2014 gw abh e 001 0dcze
020 |a 978-3-927498-38-9  |q (brož.) 
035 |a (OCoLC)875566891 
040 |a BOA001  |b cze 
041 1 |a cze  |h ger 
043 |a e-xr---  |b e-xr-jc  |2 czenas 
045 |a x4x4 
072 7 |a 94(437)  |x Dějiny Česka a Slovenska  |2 Konspekt  |9 8 
080 |a (=112.2)  |2 MRF 
080 |a 314.151  |2 MRF 
080 |a (=162.3):(=112.2)  |2 MRF 
080 |a 323.28:343.819.5  |2 MRF 
080 |a 323.1  |2 MRF 
080 |a 94(437.319)  |2 MRF 
080 |a (093)  |2 MRF 
080 |a (0:82-94)  |2 MRF 
245 0 0 |a Vzpomínky na vyhnání německy mluvících obyvatel z Novobystřicka a Jindřichohradecka 1945-1946 /  |c [překlad, redakce Monika Horáková] 
246 1 8 |a Vzpomínky na vyhnání německy mluvících obyvatel 
260 |a Geislingen/Steige [i.e. an der Steige] :  |b Rada Domovského okresu Nová Bystřice,  |c c2014 
300 |a 95 s. :  |b il. (některé barev.), 2 mapy, faksim. ;  |c 30 cm 
500 |a Přeloženo z němčiny 
504 |a Obsahuje bibliografické odkazy a rejstříky 
648 4 |a 1945-1946 
648 7 |a 1945-1948  |7 ch460655  |2 czenas 
650 0 7 |a Němci  |7 ph117943  |z Česko  |y 1945-1948  |2 czenas 
650 0 7 |a odsun Němců  |7 ph809856  |y 1945-1948  |2 czenas 
650 0 7 |a Češi a Němci  |7 ph135237  |z Česko  |y 1945-1948  |2 czenas 
650 0 7 |a transporty smrti  |7 ph311270  |z Česko  |y 1945-1948  |2 czenas 
651 7 |a Jindřichův Hradec (Česko : oblast)  |7 ge129480  |x dějiny  |y 1945-1948  |2 czenas 
651 7 |a Jindřichův Hradec (Česko : oblast)  |7 ge129480  |x národnostní poměry  |y 1945-1948  |2 czenas 
651 7 |a Nová Bystřice (Česko : oblast)  |7 ge292989  |x dějiny  |y 1945-1948  |2 czenas 
651 7 |a Nová Bystřice (Česko : oblast)  |7 ge292989  |x národnostní poměry  |y 1945-1948  |2 czenas 
655 7 |a dokumenty  |7 fd132064  |2 czenas 
655 7 |a vzpomínky  |7 fd133830  |2 czenas 
700 1 |a Horáková, Monika,  |d 1983-  |7 mzk2014838594  |4 edt  |4 trl 
910 |a BOA001  |b 4-1331.727 
990 |a BK 
991 |b 201409  |c NOV  |e n 
996 7 |b 2610604173  |c 4-1331.727  |l MZK  |r Sklad / do 1 hodiny  |n 6  |p dar  |w 001454341  |u 000010  |a 1  |e BOA001  |j MZK50  |s A